Top 10 Heißeste Europäische Hauptstädte - Statistiken

Allgemein
  • Dieses Quiz wurde 186 mal gespielt
  • Das Durchschnittsergebnis liegt bei 8 aus 10
Antwortstatistiken
°C Hauptstadt % Korrekt
15.0 Madrid
100%
15.3 Rom
96%
18.5 Athen
95%
17.4 Lissabon
95%
19.3 Valletta
73%
14.7 San Marino
66%
15.2 Tirana
63%
15.2 Vatikanstadt
63%
16.4 Monaco
61%
15.3 Podgorica
40%
Keine übereinstimmenden Quizze gefunden
Verteilung der Resultate
Anzahl Personen mit jedem Resultat
Perzentil nach korrekt beantworteten Fragen
Ihre Resultats-Entwicklung
Sie haben dieses Quiz noch nicht gespielt